000 00865 a2200229 4500
999 _c6568
_d6568
020 _a9780072965636
020 _a0072965630
050 0 0 _aQP34.5 SHI 2009
100 1 _aShier, David.
_eauthor
245 1 0 _aHole's essentials of human anatomy & physiology /
_cDavid Shier, Jackie Butler, Ricki Lewis.
250 _a10th ed.
264 _aBoston :
_bMcGraw-Hill Higher Education,
_c2009.
300 _axxvii, 612 p. :
_bill. (chiefly col.) ;
500 _aIncludes indexes.
650 0 _aHuman physiology.
650 0 _aHuman anatomy.
700 1 _aButler, Jackie.
_eauthor
700 1 _aLewis, Ricki.
_eauthor
856 4 1 _3Table of contents only
_uhttp://www.loc.gov/catdir/toc/ecip0727/2007037363.html
942 _2lcc
_cBK
_e10th ed.
_h34.5
_iSHI
_kQP